banner-ar

عقد التجارة الالكترونية : (Record no. 67087)

MARC details
000 -الفاتح
حقل البيانات ثابتة الطول 00873nam a22002417a 4500
005 - وقت وتاريخ اخر تعامل مع التسجيلة
رقم الضبط 20240530110956.0
008 - عناصر البيانات ثابتة الطول - معلومات عامة
حقل البيانات ثابتة الطول 141112s2007 ua gr 000 0 ara d
020 ## - الرقم الدولى المعيارى للكتب
الرقم الدولى المعيارى للكتاب 995732294x
040 ## - مصدر الفهرسة
وكالة الفهرسة الأصلية EG-CaGPL
082 04 - رقم تصنيف ديوى العشرى
رقم الطبعة 21
رقم التصنيف 658.05 \
رقم المادة ع ع
100 0# - المدخل الرئيسى - إسم شخصى
الإسم الشخصى عمر خالد زريقات
245 10 - بيان العنوان
العنوان عقد التجارة الالكترونية :
بقية العنوان عقد البيع عبر الانترنت دراسة تحليلية /
بيان المسئوليه,etc تاليف عمر خالد زريقات
250 ## - بيان الطبعة
بيان الطبعة ط 1
260 ## - PUBLICATION, DISTRIBUTION, ETC. (IMPRINT)
تاريخ النشر أو التوزيع 2007
300 ## - الوصف المادى
التعداد 498 ص ؛
أبعاد الوعاء 24 سم
650 04 - المدخل الاضافى بالموضوع-مصطلح موضوعى
مصطلح موضوعي التجارة الالكترونية
650 04 - المدخل الاضافى بالموضوع-مصطلح موضوعى
مصطلح موضوعي العقود الالكترونية
650 04 - المدخل الاضافى بالموضوع-مصطلح موضوعى
مصطلح موضوعي حماية المستهلك
651 ## - المدخل الاضافى بالموضوع - اسم جغرافى
الاسم الجغرافي الاردن
651 ## - المدخل الاضافى بالموضوع - اسم جغرافى
الاسم الجغرافي مصر
942 ## - عناصر المدخل الإضافي( كوها)
مصدر التصنيف او مخطط الترفيف Dewey Decimal Classification
Koha [default] item type كتاب
260 ## - PUBLICATION, DISTRIBUTION, ETC. (IMPRINT)
-- الاردن :
-- دار الحامد للنشر والتوزيع،
Holdings
حالة التراجع حالة الفقد حالة تلف ليس للاعارة المكان المؤقت الموقع الحالى موقع الترفيف تاريخ الاكتساب اجمالي اﻻعارات رقم الطلب الباركود تاريخ اخر مشاهدة تاريخ تفعيل السعر نوع وعاء كوها
        مكتبة القاهرة الكبرى مكتبة القاهرة الكبرى ق الرئيسية_الإدارة_ك عربى 12/29/2022   658.05 \ ع ع 169116 12/29/2022 12/29/2022 كتاب

Powered By

EGPV